Stranger Things Trivia - Statistics

General Stats
  • This quiz has been taken 199 times
    195 since last reset
  • The average score is 51 of 61
Answer Stats
Question Answer % Correct
Where does the show take place? Hawkins, Indiana
98%
What member of the main friend group goes missing in season 1? Will Byers
98%
What does Joyce use to communicate with Will? Christmas Lights
97%
What is the name of scientist that Eleven calls 'Papa'? Dr. Brenner
96%
What are the main characters favorite roleplaying game? Dungeons & Dragons
96%
What is Jonathan Byers' hobby? Photography
96%
What is the name of the alternate dimension? The Upside Down
96%
In what year does Stranger Things season 1 take place? 1983
95%
What is the name of Max's arrogant stepbrother? Billy Hargrove
95%
Predatory humanoid creature from the parallel dimension Demogorgon
95%
What is Eleven's favorite food? Eggos
95%
What is Lucas' sister's name? Erica
95%
What do the main characters dress up as for Halloween? Ghostbusters
95%
What is Eleven's birth name? Jane
95%
During flashback scenes, What song do Jonathan and Will listen to? "Should I Stay Or Should I Go?"
95%
Where did Barb go missing? Steve Harrington's pool
95%
What well-known actress plays Joyce, Will Byers' mom? Winona Ryder
95%
In what year does Stranger Things season 2 take place? 1984
92%
Russian scientist who was kidnapped by Hopper and Joyce and loves Cherry Slurpees Alexei
92%
Former investigative journalist who teams up with Nancy and Jonathan to expose Hawkins Lab Murray Bauman
92%
Who is Dustin's girlfriend who he claims is hotter than Phoebe Cates? Suzie
92%
What song does Dustin's girlfriend make him sing with her? The Neverending Story
92%
What is the name of the girl that bullied Eleven at her new school? Angela
91%
What was the name of Will's fort? Castle Byers
91%
When Eleven crushes a soda can with her mind, what was the brand of soda on the can? Coca-Cola
91%
What is the name of D&D club the main characters are members of? Hellfire Club
91%
What British artist sang the hit song "Running Up That Hill"? Kate Bush
91%
Ice cream shop where Steve and Robin work? Scoops Ahoy
91%
Who is the main antagonist of season 4? Vecna
91%
Cheerleader who dies in the beginning of season 4? Chrissy Cunningham
90%
What is the name of the government facility where Eleven was experimented on? Hawkins National Laboratory
90%
What is the name of the new mall that has caused several shops to close down? Starcourt Mall
90%
What possessed Will? The Mind Flayer
90%
What is the name of the pizza shop Argyle works at? Surfer Boy Pizza
88%
What is the name of the girl Robin has a crush on? Tammy Thompson
88%
Where did Max and her stepbrother move from? California
86%
In what year does Stranger Things season 3 take place? 1985
83%
What is the name of the underground missile silo? NINA
83%
What day did the character go missing? November 6, 1983
83%
Newspaper where Nancy and Jonathan work? The Hawkins Post
82%
What number is assigned to Kali, Eleven's "sister"? 008
81%
In what year does Stranger Things season 4 take place? 1986
81%
What Metallica song does Eddie Munson play to fight the Demobats? Master Of Puppets
81%
What candy bar does Dustin feed the Demodog he found? Three Musketeers
81%
How many inches does Hopper tell Eleven and Mike to leave the door open? 3
79%
What extracurricular activity are the main character's apart of? Audio Visual Club
79%
What type of camp does Dustin return from at the beginning of season 3? Science Camp
79%
What arcade game does Max beat Dustin's high score at? Dig Dug
76%
What horror villain was Max dressed up as for Halloween? Michael Myers
74%
What is the name of the Russian prison where Hopper was held? Kamchatka
72%
What code opens the Russian safe? Planck's Constant
72%
What actress' hairspray does Steve Harrington use? Farrah Fawcett
70%
What California town do the Byers and Eleven move to? Lenora Hills
70%
What song do Eleven and Mike dance to at the Snow Ball? "Every Breath You Take"
68%
How much money did Joyce and Murray have to bring to Russia to free Hopper? $40,000
65%
What is the name of Eddie's band? Corroded Coffin
62%
What city does Eleven travel to in season 2? Chicago
61%
What horror legend plays Victor Creel? Robert Englund
56%
Where was the Mind Flayer hiding? Brimborn Steel Works
42%
What is the name of prison guard that helps Hopper escape? Enzo
42%
What movie does Steve sneak Mike, Lucas, Max, and Will in to see? Day of the Dead
40%
No matching quizzes found
Score Distribution
Percent of People with Each Score
Percentile by Number Answered
Your Score History
You have not taken this quiz since the last reset